| 000 | 00440pab a2200169 454500 | ||
|---|---|---|---|
| 008 | 180718b2003 xxu||||| |||| 00| 0 eng d | ||
| 100 | _aRoy, A.K. | ||
| 245 | _aMessage of strikes: future of the left in the country | ||
| 260 | _c2003 | ||
| 300 | _ap.9-11. | ||
| 362 | _a15 Nov | ||
| 650 | _aCivil service - India - Tamil Nadu | ||
| 650 | _aStrikes - India - Tamil Nadu | ||
| 650 | _aStrikes | ||
| 773 | _aMainstream | ||
| 909 | _a58482 | ||
| 999 |
_c58482 _d58482 |
||